Northernmost Parts of Countries - Statistics

General Stats
  • This quiz has been taken 11 times
  • The average score is 11 of 16
Answer Stats
Picture Answer % Correct
Ireland
100%
Italy
100%
Germany
89%
Sri Lanka
89%
Argentina
78%
Colombia
78%
Indonesia
78%
Nigeria
78%
Russia
78%
Pakistan
67%
Serbia
67%
Zambia
67%
Belize
56%
South Korea
56%
East Timor
33%
Equatorial Guinea
33%
No matching quizzes found
Score Distribution
Percent of People with Each Score
Percentile by Number Answered
Your Score History
You have not taken this quiz